00587nam a2200205Ia 450000500170000000800410001702000150005808200130007324500130008625000090009926000640010830000130017265000130018565000180019870000240021670000250024094200060026595200950027199900150036620240417022357.0240331s9999 xx 000 0 und d a0974883948 bDOMa320 0aDomains  a3rd. aColombo :bInternational Centre For Ethnic Studies /c2007. a151 p ., aFeminism aLegal Studies aMehta, Deepikaeedt aChatterji, Romaeedt cL 001040708LaWERCLbWERCLcSSCd2024-03-31l0o 320 DOMp6573r2024-03-31w2024-03-31yL c4980d4980